000 00525nam a22001937a 4500
005 20220803101217.0
008 220802b ||||| |||| 00| 0 eng d
040 _cAL
041 _aEnglish
082 _223
_a297.14
_bAYAO
100 _aMartyr Ayatullah and others
_954546
245 _aOwnership in Islam
260 _aTehran
_bfoundation of Islamic Thought
_c1988
300 _a86 p.
_bPB
_c21x14 cm.
650 _aIslam
_954547
700 _aAYATOLLAH (Martyr)
_954548
700 _aBEHESHTI
_954549
942 _2ddc
_cGF
999 _c224381
_d224381